| 000 | 01351nam a2200241Ia 4500 | ||
|---|---|---|---|
| 003 | Ost | ||
| 005 | 20260507075244.0 | ||
| 008 | 260507s9999||||xx |||||||||||||| ||und|| | ||
| 040 | _cfsecg | ||
| 041 | _aara | ||
| 082 | _a330 | ||
| 100 |
_aالبلداوي، نزار فليح _eمؤلف |
||
| 245 | 0 |
_aمبادئ المحاسبة المالية : _bالقياس و الافصاح في القوائم المالية / _c نزار فليح البلداوي |
|
| 260 |
_aعمان: _bاثراء للنشر, _c2009 |
||
| 300 |
_a432 صفحة؛ _bإيضاحات ؛ _c24 سم |
||
| 504 | _aمراجع ص.429 | ||
| 520 | _aالاطارالمفاهيمي النظري للمحاسبة و الشكل المعياري للقوائم المالية ، النقدية ، الذمم المدينة ، مخزون البضاعة ، الاستثمارات في السندات و الاسهم ، الاصول الثابتة و غير الملموسة و الموارد الطبيعية ، الالتزامات المتداولة ، الالتزامات طويلة الاجل ، حقوق الملكية ، قائمة التدفقات النقدية . | ||
| 653 | _aالمحاسبة | ||
| 653 | _aالمحاسبة- المالية | ||
| 653 | _aتدقيق الحسابات | ||
| 700 |
_aحلوة حنان، رضوان _eمؤلف ثانوي |
||
| 942 | _cكتاب | ||
| 999 |
_c43642 _d43642 |
||